1162 1388 1317 1145 1506 1244 1052 1479 1003 1000 1047 1535 1277 1890 1422 1761 1100 1922 1924 1851 1212 1987 1531 1529 1901 1338 1281 1612 1652 1251 1818 1658 1160 1337 1646 1512 1282 1122 1965 1348 1180 1813 1559 1020 1927 1285 1283 1664 1522 1526 1188 1025 1538 1285 1800 1368 1318 1441 1606 1088 1733 1277 1315 1459 1942 1003 1024 1602 1177 1065 1519 1956 1615 1715 1858 1755 1175 1606 1974 1328 1049 1046 1360 1636 1534 1513 1135 1892 1865 1973 1409 1312 1759 1075 1982 1647 1735 1105 1341 BCNSPRNW ULIB Ver.6.0+V

เปลี่ยนเป็นภาษาไทย

Change to English
 แสดงรายละเอียดบรรณานุกรม
  กลับหน้าหลัก

Brief Record : Get Marc (ISO 2709) : E-mail record : QR code < ปิดหน้าต่าง
LEADER : 00000nam 2200000uu 4500
001    13399114338
003     ULIB
008    120322s2553||||th 000 0 tha d
020    ^a9786169059103
090    ^aนว.^bก531ร
100 0  ^aการะเกตุ
245 00 ^aร้อนไฟรัก/^cการะเกตุ
250    ^aพิมพ์ครั้งที่ 1
260    ^aกรุงเทพฯ :^bมายเลิฟ,^c2553
300    ^a288 หน้า
710 1  ^aมายเลิฟ
945    ^p240^l0^i16660
995    ^aกัณชพร
999    ^aใช้งานได้ทุกระบบ
รายการนี้ยังไม่มีแท็ก
คุณยังไม่ได้ล็อกอิน คุณสามารถมีกิจกรรมร่วมกับเว็บไซต์ได้ แต่ต้องล็อกอินก่อน ::
  ล็อกอิน

รายการสื่อสารสนเทศ

ลำดับที่ ประเภท เลขเรียก/บาร์โค้ด สถานที่ สถานะ
1. นวนิยาย
นวนิยาย
นว. ก531ร  
  Barcode: 16660
ห้องสมุดวิทยาเขตสวรรค์ประชารักษ์
►นวนิยาย
ถูกยืม กำหนดส่งวันที่ 16 ธันวาคม 2559
  จอง

BibComment


ยังไม่เคยถูกคอมเมนท์

คอมเมนท์ทรัพยากรรายการนี้
  คอมเมนท์: ร้อนไฟรัก การะเกตุ


 Copyright 2026. Bcnsprnw @Library